| 000 | 00785nam a2200253 a 4500 | ||
|---|---|---|---|
| 005 | 20210223124822.0 | ||
| 008 | 030129m20002006mx r 000 0 spa d | ||
| 020 | _a9682317681 | ||
| 020 | _a968231768X (2006) | ||
| 035 | _aUPN01000121696 | ||
| 049 | _aCG | ||
| 050 | 4 |
_aHT395 A4.4 _bC6.4 2000 |
|
| 100 | 1 | _aCohen, Ernesto | |
| 245 | 1 | 0 |
_aEvaluación de proyectos sociales / _cErnesto Cohen, Rolando Franco. |
| 250 | _a5a ed. | ||
| 260 |
_aMéxico : _bSiglo XXI, _c2000 (2006 impr.). |
||
| 300 | _a318 p. | ||
| 440 | 0 | _aSociología y política | |
| 500 | _aBibliografía básica (BGTQ) | ||
| 500 | _aUn ejemplar se encuentra en el Area de Reserva | ||
| 650 | 4 |
_aPLANIFICACION REGIONAL - _zAMERICA LATINA _91111 |
|
| 650 | 4 |
_aEVALUACION DE PROYECTOS _914003 |
|
| 905 | _aLibro | ||
| 999 |
_c93909 _d93909 |
||